Κίνητρα και εμπόδια για τη συμμετοχή των ενηλίκων στη δια βίου εκπαίδευση

Αποθηκεύτηκε σε:
Λεπτομέρειες βιβλιογραφικής εγγραφής
Κύριος συγγραφέας: Καραλής, Θανάσης
Συλλογικό Έργο: Ινστιτούτο Εργασίας ΓΣΕΕ-ΑΔΕΔΥ, Ινστιτούτο Μικρών Επιχειρήσεων ΓΣΕΒΕΕ
Μορφή: Πρακτικό Συνεδρίου Βιβλίο
Γλώσσα:Greek
Δημοσίευση: Αθήνα : Ινστιτούτο Έργασίας ΓΣΕΕ, Ινστιτούτο Μικρών Επιχειρήσεων ΓΣΕΒΕΕ, 2013.
Θέματα:
Ετικέτες: Προσθήκη ετικέτας
Δεν υπάρχουν, Καταχωρήστε ετικέτα πρώτοι!

MARC

LEADER 00000cam a2200000 i 4500
001 1/38347
008 131115s2013 gr | ||| |||| ||gre||
020 |a 9789609571340 
035 |l 10116002 
040 |a GR-MY-UA  |b gre  |e aacr 
041 0 |a gre 
082 7 |a 374.9495   |2 (22) 
100 1 |a Καραλής, Θανάσης. 
111 2 |a Ινστιτούτο Εργασίας ΓΣΕΕ-ΑΔΕΔΥ. 
245 1 0 |a Κίνητρα και εμπόδια για τη συμμετοχή των ενηλίκων στη δια βίου εκπαίδευση /   |c Θανάσης Καραλής ; Ινστιτούτο Εργασίας ΓΣΕΕ ; Ινστιτούτο Μικρών Επιχειρήσεων ΓΣΕΒΕΕ.  
260 |a Αθήνα :   |b Ινστιτούτο Έργασίας ΓΣΕΕ,   |b Ινστιτούτο Μικρών Επιχειρήσεων ΓΣΕΒΕΕ,   |c 2013.  
300 |a 227 σ. :   |b πίν. ;   |c 24 εκ.  
504 |a Βιβλιογραφία: σ. 123-128.  
650 0 0 |a Continuing education  |z Greece. 
650 0 0 |a Adult education. 
710 2 |a Ινστιτούτο Μικρών Επιχειρήσεων ΓΣΕΒΕΕ. 
852 |a INST  |b LESVOS  |e 20140605  |h 374.9495 ΚΑΡ  |p 005100054331  |q 005100054331  |t BK  |y 0 
852 |a INST  |b RHODES  |e 20131115  |h 374.9495 ΚΑΡ  |p 005400035787  |q 005400035787  |t BK  |y 0 
901 |a BIBL4-2013-3 
901 |a BIBL1-2014-2 
909 |a Ρ  |b 182296 
909 |a Λ  |b 189754 
920 |a ΙΝΕ-ΙΜΕ  |y Λέσβος  |z 20113-12 
970 |z 2013/11/15